| 000 | 00000cam 2200000zi 4500 |
| 001 | 9.958157 |
| 003 | CaOODSP |
| 005 | 20251211100909 |
| 006 | m o d f |
| 007 | cr |n||||||||| |
| 008 | 251210s1928 nsc o f|0| 0 eng d |
| 040 | |aCaOODSP|beng|erda|cCaOODSP |
| 043 | |an-cn--- |
| 086 | 1 |aFs52-5/25-1928E-PDF |
| 100 | 1 |aBranion, Hugh, |eauthor. |
| 245 | 10|aSome observations on the manufacture and vitamin content of cod liver oil and allied oils / |cHugh Branion. |
| 264 | 1|aHalifax : |bBiological Board of Canada, |c1928. |
| 300 | |a1 online resource (24 pages). |
| 336 | |atext|btxt|2rdacontent |
| 337 | |acomputer|bc|2rdamedia |
| 338 | |aonline resource|bcr|2rdacarrier |
| 490 | 1 |aManuscript reports of the experimental stations ; |vno. 25 |
| 500 | |aDigitized edition from print [produced by Department of Fisheries and Oceans]. |
| 650 | 0|aFish oils|xComposition. |
| 650 | 0|aVitamins. |
| 650 | 6|aHuiles de poisson|xComposition. |
| 650 | 6|aVitamines. |
| 710 | 2 |aBiological Board of Canada, |eissuing body. |
| 830 | #0|aManuscript reports of the experimental stations ;|vno. 25.|w(CaOODSP)9.948621 |
| 856 | 40|qPDF|s1.75 MB|uhttps://publications.gc.ca/collections/collection_2025/mpo-dfo/fs52-5/Fs52-5-25-1928-eng.pdf |